000 00782nam a2200205 a 4500
001 000029839
005 20200930055839.0
008 110426s1996 dr cd 000 0 spa d
040 _aDO-SdBNP
_bspa
_cBNPHU
082 _axxx
_bI43g
245 0 0 _aInformación gerencial Centro Médico Dr. Betances, C. por A. :
_bun aporte a los establecimientos del sistema nacional de salud /
_cÁngel Paulino Chevalier... [et al.].
260 _aSanto Domingo :
_bCentro Médico Dr. Betances,
_c1996.
300 _a[79 p.] :
_bdiagram. ; retrs. ;
_c28 cm.
504 _aBibliografías p. 79
700 1 _aPaulino Chevalier, Ángel
_956591
700 1 _aAlcantara Recio, Yude
_956592
700 1 _aBetances M. , Luis H.
_956593
700 1 _aDelgado Billini, Bienvenido A.
_935017
049 _aBNPD
999 _c29331
_d29331